000 00365nam a22001577a 4500
003 MPLRDC
005 20220104123619.0
008 210129b ||||| |||| 00| 0 eng d
082 _a220.7 SZL
100 _a宋泽莱
245 _a被背叛的佛陀
_c
260 _a
_b佛法训练中心
_c
300 _b
650 _a佛教杂论
942 _cBK
_o220.7 SZL
999 _c12803
_d12793